[Event "RUS-chT Premier 2019"]
[Site "Sochi"]
[Date "2019.05.08"]
[Round "7.17"]
[White "Kezin, Roman"]
[Black "Levin, Evgeny A."]
[Result "1/2-1/2"]
[WhiteElo "2468"]
[BlackElo "2516"]
[Annotator "RC"]
[PlyCount "57"]
[EventDate "2019.04.30"]
[EventType "team-tourn"]
[EventCountry "RUS"]
[SourceTitle "playchess.com"]
[Source "ChessBase"]
[SourceQuality "1"]
[TimeControl "40/5400+30:1800+30"]

1. c4 {[%emt 0:00:00]} Nf6 {[%emt 0:00:00]} 2. Nc3 {[%emt 0:00:00]} e5 {[%emt 0:00:34]} 3. Nf3 {[%emt 0:00:00]} Nc6 {[%emt 0:00:06]} 4. e3 {[%emt 0:00:00]} Bb4 {[%emt 0:01:00]} 5. Qc2 {[%emt 0:00:14]} Bxc3 {[%emt 0:00:31]} 6. Qxc3 {[%emt 0:00:06]} Qe7 {[%emt 0:00:04]} 7. b3 {[%emt 0:03:32]} d5 {[%emt 0:05:47]} 8. d4 {[%emt 0:00:55]} exd4 {[%emt 0:19:56]} 9. Nxd4 {[%emt 0:00:05]} Nxd4 {[%emt 0:04:24]} 10. Qxd4 {[%emt 0:00:28]} c5 {[%emt 0:05:57]} 11. Qf4 {[%emt 0:00:56]} O-O {[%emt 0:07:40]} 12. Bb2 {[%emt 0:00:31]} Be6 {[%emt 0:08:58]} 13. O-O-O {[%emt 0:39:42]} Rad8 {[%emt 0:15:33]} 14. Qe5 {[%emt 0:02:09]} Rfe8 {[%emt 0:04:54]} 15. Be2 {[%emt 0:23:53]} dxc4 {[%emt 0:06:50]} 16. bxc4 {[%emt 0:02:29]} Qf8 {[%emt 0:10:25]} 17. Qc7 {[%emt 0:13:23]} Ne4 {[%emt 0:00:15]} 18. Qf4 {[%emt 0:08:27]} Nd6 {[%emt 0:00:03]} 19. Rd2 {[%emt 0:00:58]} f6 {[%emt 0:03:01]} 20. Rhd1 {[%emt 0:00:18]} Nf7 {[%emt 0:00:36]} 21. Qc7 {[%emt 0:01:20]} Rxd2 {[%emt 0:00:25]} 22. Rxd2 {[%emt 0:00:01]} Qe7 {[%emt 0:00:31]} 23. Qf4 {[%emt 0:01:27]} Rd8 {[%emt 0:00:40]} 24. Bd3 {[%emt 0:00:32]} Rd6 {[%emt 0:01:47]} 25. Qh4 {[%emt 0:00:28]} Ng5 {[%emt 0:00:41]} 26. Qf4 {[%emt 0:00:34]} Nf7 {[%emt 0:00:14]} 27. Qh4 {[%emt 0:00:09]} Ng5 {[%emt 0:00:01]} 28. Qf4 {[%emt 0:00:39]} Nf7 {[%emt 0:00:02]} 29. Qh4 {[%emt 0:00:28]} 1/2-1/2

[Event "RUS-chT Premier 2019"]
[Site "Sochi"]
[Date "2019.05.08"]
[Round "7.18"]
[White "Ivanov, Sergey"]
[Black "Murzin, Volodar"]
[Result "1/2-1/2"]
[WhiteElo "2504"]
[BlackElo "2407"]
[Annotator "TA"]
[PlyCount "158"]
[EventDate "2019.04.30"]
[EventType "team-tourn"]
[EventCountry "RUS"]
[SourceTitle "playchess.com"]
[Source "ChessBase"]
[SourceQuality "1"]

{[%evp 10,158,16,6,15,0,0,10,10,0,23,18,29,27,27,17,23,18,58,61,88,81,86,73,76,66,90,106,139,125,119,123,124,112,106,76,73,58,84,70,67,-80,-78,-78,-70,-146,-104,-103,-101,-107,-104,-106,-114,-143,-144,-143,-96,-103,-76,-85,-87,-95,-100,-118,-50,-54,-8,-9,-11,-54,-35,-29,-25,-39,-39,-40,-13,-28,-25,-39,-39,-53,-50,-51,-48,-54,-41,-85,-85,-112,0,-50,-18,-18,-18,-18,-18,-18,-18,-18,0,-45,-45,-51,-18,-18,-18,-18,-18,-18,-18,-18,-18,-18,-18,-18,-18,-18,-18,-18,-18,-18,-18,-18,-18,-18,-18,-18,-18,-18,-18,-18,-18,-18,-18,-18,-18,-18,-2,-2,-2,-2,-2,-2,-2,-2,-2,-2,0,0,0]} 1. d4 d5 2. c4 c6 3. Nf3 Nf6 4. Nc3 a6 5. a4 e6 6. g3 Nbd7 {D15: Slav Defence: 4 Nc3 a6 and gambit lines after 4 Nc3 dxc4} (6... dxc4 7. Bg5 Bb4 8. Bg2 Nbd7 9. Nd2 Qa5 10. Bxf6 gxf6 11. O-O Nb6 12. e3 e5 13. Nde4 f5 14. Ng5 {½-½ (51) Wojtaszek,R (2750)-Andreikin,D (2736) Wijk aan Zee 2017}) 7. Bg2 Bb4 8. O-O O-O 9. Qc2 Re8 10. Bf4 dxc4 $146 ({Predecessor:} 10... Nf8 11. Ne5 Ng6 12. Nxg6 hxg6 13. Qb3 Bf8 14. a5 dxc4 15. Qxc4 {1-0 (39) Oms Pallisse,J (2498)-Guadamuro Torrente,A (2142) Palma de Mallorca 2009}) 11. Na2 Bf8 12. Qxc4 a5 13. Rfd1 Nb6 14. Qc2 $36 {[%mdl 2048] Black is under pressure.} Nbd5 15. Bd2 h6 16. Ne5 Nb6 17. e3 Nfd7 18. Nd3 Qc7 19. b4 axb4 20. Naxb4 Qd6 21. Qb3 Nd5 22. Nc2 Qc7 23. Rdc1 e5 24. Na3 N5f6 25. d5 (25. Nc4 $14 {keeps the upper hand.}) 25... e4 $17 26. Nb4 Nc5 {[%mdl 64] [#] Double Attack} 27. Qd1 (27. Qc2 $15) 27... Bg4 ({But not} 27... Nxd5 28. Nxd5 cxd5 29. Bb4 $15) 28. Qc2 Nxd5 29. Nxd5 cxd5 30. Bb4 {[%cal Rb4c5]} Rec8 31. Nb5 Qd7 {[#] And now ...Nxa4 would win.} 32. Bxc5 Rxc5 33. Qb3 Be2 {[%cal Re2b5]} 34. Rxc5 Bxc5 35. Rc1 b6 36. Bf1 Bxf1 ({Better is} 36... Bf3 $17 37. Nd4 Bg4) 37. Kxf1 Qc6 38. Rd1 Rd8 39. Rd2 Rd7 40. Kg2 Kh8 41. h4 Kg8 42. Qd1 Qf6 43. Qg4 Rd8 44. h5 Qe5 45. Nd4 Bxd4 46. Rxd4 $15 {[%mdl 4096] Endgame KQR-KQR} Kh7 47. Rb4 Rd6 48. Rb5 Rf6 49. Qe2 Rd6 (49... Qd6 $17 50. Qb2 Qc6) 50. Qg4 $1 Qg5 (50... Qf6 {is more complex.} 51. Rb1 Rd8 52. Rb5 Qc6 53. Qf5+ Kg8) 51. Qxg5 hxg5 $11 {KR-KR} 52. g4 $1 g6 53. hxg6+ $1 Kxg6 54. f3 f6 55. Kg3 exf3 56. Kxf3 d4 57. exd4 {The position is equal.} Rxd4 58. Rxb6 Rxa4 59. Rb7 Ra8 60. Rc7 Rh8 61. Ra7 Rh7 62. Ra8 Rd7 63. Rb8 Rd3+ 64. Kf2 Kf7 65. Rb6 Ke7 66. Ra6 Rd6 67. Ra5 Ke6 68. Ke3 Rb6 69. Rc5 Rb3+ 70. Kf2 Rd3 71. Ra5 Rd5 72. Ra4 Ke5 {Threatens to win with ...Rd4.} 73. Ke3 f5 74. gxf5 Kxf5 75. Kf3 Rd3+ 76. Kf2 Kg6 77. Kg2 Kh5 78. Rb4 g4 79. Rb8 Kg5 {Accuracy: White = 61%, Black = 53%.} 1/2-1/2

[Event "RUS-chT Premier 2019"]
[Site "Sochi"]
[Date "2019.05.08"]
[Round "7.19"]
[White "Sjugirov, Sanan"]
[Black "Chigaev, Maksim"]
[Result "1-0"]
[WhiteElo "2661"]
[BlackElo "2637"]
[Annotator "RC"]
[PlyCount "79"]
[EventDate "2019.04.30"]
[EventType "team-tourn"]
[EventCountry "RUS"]
[SourceTitle "playchess.com"]
[Source "ChessBase"]
[SourceQuality "1"]
[TimeControl "40/5400+30:1800+30"]

1. e4 {[%emt 0:00:00]} e5 {[%emt 0:00:00]} 2. Nf3 {[%emt 0:00:00]} Nc6 {[%emt 0:00:00]} 3. Bb5 {[%emt 0:00:05]} a6 {[%emt 0:00:00]} 4. Ba4 {[%emt 0:00:06]} Nf6 {[%emt 0:00:00]} 5. O-O {[%emt 0:00:13]} Be7 {[%emt 0:00:00]} 6. Re1 {[%emt 0:00:15]} b5 {[%emt 0:00:04]} 7. Bb3 {[%emt 0:00:05]} d6 {[%emt 0:00:06]} 8. c3 {[%emt 0:00:19]} O-O {[%emt 0:00:07]} 9. h3 {[%emt 0:00:14]} Na5 {[%emt 0:00:04]} 10. Bc2 {[%emt 0:00:13]} c5 {[%emt 0:00:05]} 11. d4 {[%emt 0:01:35]} Nd7 {[%emt 0:00:06]} 12. d5 {[%emt 0:17:09]} Nb6 {[%emt 0:00:24]} 13. Nbd2 {[%emt 0:09:33]} Bd7 {[%emt 0:08:20]} 14. Nf1 {[%emt 0:03:52]} Nb7 {[%emt 0:08:03]} 15. Ng3 {[%emt 0:03:37]} a5 {[%emt 0:07:35]} 16. Nf5 {[%emt 0:05:43]} Bf6 17. g4 {[%emt 0:03:20]} g6 {[%emt 0:01:11]} 18. Ng3 {[%emt 0:03:38]} c4 {[%emt 0:07:42]} 19. Be3 {[%emt 0:07:52]} Nc5 {[%emt 0:01:43]} 20. Qd2 {[%emt 0:03:15]} Qc7 {[%emt 0:09:27]} 21. Rf1 {[%emt 0:11:06]} Rab8 {[%emt 0:06:45]} 22. Bh6 {[%emt 0:06:33]} Rfc8 {[%emt 0:00:11]} 23. Ng5 {[%emt 0:00:51]} Be8 {[%emt 0:09:28]} 24. f4 {[%emt 0:02:52]} exf4 {[%emt 0:01:20]} 25. Rxf4 {[%emt 0:01:04]} Be5 {[%emt 0:04:59]} 26. Nf3 {[%emt 0:00:24]} Bh8 {[%emt 0:06:34]} 27. Rf1 {[%emt 0:01:08]} Nd3 {[%emt 0:00:25]} 28. Bxd3 {[%emt 0:00:42]} cxd3 {[%emt 0:00:05]} 29. Qxd3 {[%emt 0:02:40]} Nc4 {[%emt 0:02:05]} 30. Qe2 {[%emt 0:07:08]} b4 {[%emt 0:06:13]} 31. b3 {[%emt 0:01:14]} Qb6+ {[%emt 0:05:56]} 32. Rf2 {[%emt 0:03:36]} bxc3 {[%emt 0:02:09]} 33. bxc4 {[%emt 0:00:08]} Qb1+ {[%emt 0:00:03]} 34. Rf1 {[%emt 0:02:14]} c2 {[%emt 0:00:06]} 35. Qe3 {[%emt 0:03:52]} Rxc4 {[%emt 0:02:21]} 36. Ne2 {[%emt 0:00:05]} Bb5 {[%emt 0:07:18]} 37. Nd2 {[%emt 0:01:03]} Qb4 {[%emt 0:00:52]} 38. Nxc4 {[%emt 0:00:24]} Qxc4 {[%emt 0:01:44]} 39. Rxf7 {[%emt 0:00:11]} Qc8 {[%emt 0:00:03]} 40. Qa7 {[%emt 0:00:00]} 1-0

[Event "RUS-chT Premier 2019"]
[Site "Sochi"]
[Date "2019.05.08"]
[Round "7.20"]
[White "Paravyan, David"]
[Black "Alekseev, Evgeny"]
[Result "1/2-1/2"]
[WhiteElo "2610"]
[BlackElo "2647"]
[Annotator "ChessBase"]
[PlyCount "86"]
[EventDate "2019.04.30"]
[EventType "team-tourn"]
[EventCountry "RUS"]
[SourceTitle "playchess.com"]
[Source "ChessBase"]
[SourceQuality "1"]
[TimeControl "40/5400+30:1800+30"]

1. d4 {[%emt 0:00:00]} Nf6 {[%emt 0:00:31]} 2. c4 {[%emt 0:00:00]} e6 {[%emt 0:00:03]} 3. g3 {[%emt 0:00:00]} Bb4+ {[%emt 0:03:07]} 4. Bd2 {[%emt 0:00:53]} Be7 {[%emt 0:00:26]} 5. Bg2 {[%emt 0:00:05]} d5 {[%emt 0:00:15]} 6. Nf3 {[%emt 0:00:15]} O-O {[%emt 0:00:34]} 7. O-O {[%emt 0:00:04]} c6 {[%emt 0:01:49]} 8. Qc2 {[%emt 0:00:57]} b6 {[%emt 0:03:35]} 9. Ne5 {[%emt 0:02:57]} Bb7 {[%emt 0:07:44]} 10. Rd1 {[%emt 0:01:46]} Nfd7 {[%emt 0:09:22]} 11. Nd3 {[%emt 0:01:10]} a5 {[%emt 0:04:16]} 12. Bf4 {[%emt 0:06:07]} Na6 {[%emt 0:02:20]} 13. e4 {[%emt 0:05:08]} Rc8 {[%emt 0:04:04]} 14. b3 {[%emt 0:15:40]} Nb4 {[%emt 0:13:16]} 15. Nxb4 {[%emt 0:07:56]} axb4 {[%emt 0:01:42]} 16. a4 {[%emt 0:00:38]} dxc4 {[%emt 0:20:14]} 17. Qxc4 {[%emt 0:17:54]} c5 {[%emt 0:00:33]} 18. dxc5 {[%emt 0:00:07]} Bxc5 {[%emt 0:02:49]} 19. Qb5 {[%emt 0:04:36]} Bc6 {[%emt 0:05:40]} 20. Qe2 {[%emt 0:00:06]} Qe7 {[%emt 0:03:06]} 21. Nd2 {[%emt 0:00:06]} Bd4 {[%emt 0:04:19]} 22. Rab1 {[%emt 0:03:29]} e5 {[%emt 0:02:42]} 23. Be3 {[%emt 0:06:22]} Nc5 {[%emt 0:00:04]} 24. Bxd4 {[%emt 0:08:19]} exd4 {[%emt 0:00:05]} 25. Nc4 {[%emt 0:00:03]} d3 {[%emt 0:04:21]} 26. Qe3 {[%emt 0:00:08]} Rb8 {[%emt 0:01:49]} 27. Rdc1 {[%emt 0:00:29]} Rfd8 {[%emt 0:01:33]} 28. a5 {[%emt 0:00:19]} d2 {[%emt 0:02:16]} 29. Nxd2 {[%emt 0:00:24]} Rd3 {[%emt 0:00:02]} 30. Qf4 {[%emt 0:09:09]} Qb7 {[%emt 0:00:27]} 31. a6 {[%emt 0:02:41]} Qa7 {[%emt 0:01:24]} 32. Nc4 {[%emt 0:01:22]} Rxb3 {[%emt 0:00:38]} 33. Rxb3 {[%emt 0:03:16]} Nxb3 {[%emt 0:00:02]} 34. Rd1 {[%emt 0:00:19]} Nc5 {[%emt 0:01:13]} 35. Qd6 {[%emt 0:01:44]} Be8 {[%emt 0:00:19]} 36. Ne3 {[%emt 0:01:01]} b3 {[%emt 0:00:47]} 37. Nf5 {[%emt 0:00:23]} h6 {[%emt 0:00:23]} 38. Qd4 {[%emt 0:01:18]} f6 {[%emt 0:00:18]} 39. e5 {[%emt 0:00:12]} Bg6 {[%emt 0:00:19]} 40. g4 {[%emt 0:00:00]} fxe5 {[%emt 0:00:00]} 41. Qxe5 {[%emt 0:04:39]} Re8 {[%emt 0:06:44]} 42. Qd6 {[%emt 0:12:50]} Kh7 {[%emt 0:02:25]} 43. h4 {[%emt 0:00:57]} h5 {[%emt 0:09:37]} 1/2-1/2

[Event "RUS-chT Premier 2019"]
[Site "Sochi"]
[Date "2019.05.08"]
[Round "7.21"]
[White "Rakhmanov, Aleksandr"]
[Black "Esipenko, Andrey"]
[Result "1/2-1/2"]
[WhiteElo "2629"]
[BlackElo "2620"]
[Annotator "RC"]
[PlyCount "52"]
[EventDate "2019.04.30"]
[EventType "team-tourn"]
[EventCountry "RUS"]
[SourceTitle "playchess.com"]
[Source "ChessBase"]
[SourceQuality "1"]
[TimeControl "40/5400+30:1800+30"]

1. d4 {[%emt 0:00:00]} Nf6 {[%emt 0:00:00]} 2. Nf3 {[%emt 0:00:48]} g6 {[%emt 0:00:03]} 3. c4 {[%emt 0:01:47]} Bg7 {[%emt 0:00:23]} 4. Nc3 {[%emt 0:00:56]} d5 {[%emt 0:00:24]} 5. h3 {[%emt 0:00:49]} O-O {[%emt 0:03:21]} 6. cxd5 {[%emt 0:03:31]} Nxd5 {[%emt 0:00:05]} 7. e4 {[%emt 0:00:08]} Nxc3 {[%emt 0:00:04]} 8. bxc3 {[%emt 0:00:06]} c5 {[%emt 0:00:56]} 9. Be2 {[%emt 0:00:41]} Nc6 {[%emt 0:02:06]} 10. Be3 {[%emt 0:01:27]} cxd4 {[%emt 0:02:14]} 11. cxd4 {[%emt 0:00:13]} f5 {[%emt 0:00:17]} 12. Bc4+ {[%emt 0:01:20]} Kh8 {[%emt 0:01:24]} 13. O-O {[%emt 0:00:20]} fxe4 {[%emt 0:12:04]} 14. Ng5 {[%emt 0:03:51]} Nxd4 {[%emt 0:00:42]} 15. Nf7+ {[%emt 0:00:19]} Rxf7 {[%emt 0:00:04]} 16. Bxf7 {[%emt 0:00:09]} Qd6 {[%emt 0:00:34]} 17. Rc1 {[%emt 0:08:20]} Bd7 {[%emt 0:00:56]} 18. Qd2 {[%emt 0:05:57]} Rf8 {[%emt 0:02:44]} 19. Rfd1 {[%emt 0:05:03]} e5 {[%emt 0:01:55]} 20. Bc4 {[%emt 0:00:28]} Bc6 {[%emt 0:02:54]} 21. Bf1 {[%emt 0:05:52]} Qe7 {[%emt 0:07:42]} 22. Rc4 {[%emt 0:11:14]} Qf6 {[%emt 0:06:37]} 23. Bg5 {[%emt 0:11:37]} Qf7 {[%emt 0:02:54]} 24. Be3 {[%emt 0:00:37]} Qf6 {[%emt 0:01:35]} 25. Bg5 {[%emt 0:02:07]} Qf7 {[%emt 0:02:11]} 26. Be3 {[%emt 0:00:26]} Qf6 {[%emt 0:03:28]} 1/2-1/2

[Event "RUS-chT Premier 2019"]
[Site "Sochi"]
[Date "2019.05.08"]
[Round "7.22"]
[White "Yuffa, Daniil"]
[Black "Romanov, Evgeny"]
[Result "1/2-1/2"]
[WhiteElo "2595"]
[BlackElo "2573"]
[Annotator "TA"]
[PlyCount "98"]
[EventDate "2019.04.30"]
[EventType "team-tourn"]
[EventCountry "RUS"]
[SourceTitle "playchess.com"]
[Source "ChessBase"]
[SourceQuality "1"]

{[%evp 20,98,35,50,59,64,50,43,34,42,78,75,67,43,89,43,55,38,40,47,56,47,49,51,51,43,58,48,41,24,18,11,22,20,19,20,25,15,84,84,84,45,45,45,39,42,83,58,86,22,11,3,8,10,14,-8,-8,-8,-8,-8,-8,-8,-8,-8,-8,-8,-8,-8,0,0,0,0,0,0,0,0,0,0,0,0,0]} 1. d4 d5 2. c4 dxc4 3. e3 e5 4. Bxc4 exd4 5. exd4 Nf6 6. Nf3 Be7 7. O-O O-O 8. Nc3 Nbd7 9. Re1 Nb6 10. Bb3 c6 11. Bg5 Bg4 {C42: Petroff Defence: 3 Nxe5 and unusual White 3rd moves} (11... Nbd5 12. Nxd5 Nxd5 13. Bxe7 Nxe7 14. Ne5 Nd5 15. Qf3 Be6 16. Nd3 Nc7 17. Nc5 Bxb3 18. Qxb3 b6 19. Ne4 {0-1 (57) Artemiev,V (2691)-Ivanchuk,V (2726) Huaian 2017}) 12. Qe2 Bb4 $146 ({Predecessor:} 12... Re8 13. Bxf7+ Kxf7 14. Ne5+ Kf8 15. Nxg4 Nxg4 16. Bxe7+ Qxe7 17. Qf3+ Qf6 18. Qxg4 Rad8 19. Ne4 Qxd4 {1-0 (38) Polok,R (1981)-Furman,J (1797) Rewal 2006}) 13. a3 Bxc3 {White is slightly better.} 14. bxc3 Nbd7 15. h3 Bh5 16. g4 Bg6 17. Nh4 Qa5 18. Nxg6 hxg6 19. Bd2 Rae8 20. Qd3 {Threatens to win with Qxg6.} Rxe1+ 21. Bxe1 Nd5 22. c4 Nf4 23. Bxa5 Nxd3 24. Bc7 Rc8 25. Bh2 Re8 26. Rd1 Re1+ $1 27. Rxe1 Nxe1 $11 {[%mdl 4096] Endgame KBB-KNN} 28. Bd1 c5 (28... Nd3 $11) 29. Kf1 $16 Nd3 30. Bf3 cxd4 31. Bxb7 Nb2 32. Bc6 Nc5 33. Be5 Nb3 {[#]} 34. c5 ({White should try} 34. Bd5 $1 $16) 34... Nd3 $11 {The position is equal.} 35. Bd5 Nxe5 36. Bxb3 {Hoping for Ba4. KB-KN} Kf8 37. f4 Nd3 $1 {[%mdl 64] [#] Double Attack} 38. c6 {White threatens c7 and mate.} Ke7 39. Bxf7 $1 Nxf4 40. h4 g5 41. hxg5 Kd6 42. Be8 Nd3 43. Ke2 Ne5 44. a4 a5 45. Kd2 Kc7 46. Kc2 Kd8 47. Bd7 Kc7 48. Be8 Kd8 49. Bd7 Kc7 {Accuracy: White = 72%, Black = 68%.} 1/2-1/2

[Event "RUS-chT Premier 2019"]
[Site "Sochi"]
[Date "2019.05.08"]
[Round "7.23"]
[White "Rozum, Ivan"]
[Black "Antipov, Mikhail Al."]
[Result "1/2-1/2"]
[WhiteElo "2568"]
[BlackElo "2595"]
[Annotator "TA"]
[PlyCount "57"]
[EventDate "2019.04.30"]
[EventType "team-tourn"]
[EventCountry "RUS"]
[SourceTitle "playchess.com"]
[Source "ChessBase"]
[SourceQuality "1"]

{[%evp 16,57,19,19,14,16,31,33,29,10,12,7,12,8,13,3,27,0,10,10,9,7,8,12,10,0,0,0,0,0,0,0,0,0,0,0,0,0,0,0,0,0,0,0]} 1. d4 Nf6 2. c4 c6 3. Nc3 d5 4. Nf3 a6 5. a4 e6 6. g3 dxc4 7. Bg2 c5 8. dxc5 Qxd1+ 9. Nxd1 Bd7 {D15: Slav Defence: 4 Nc3 a6 and gambit lines after 4 Nc3 dxc4} 10. Ne5 Nc6 11. Nxc4 Bxc5 {White is slightly better.} 12. Be3 Bxe3 13. Ndxe3 Ke7 14. f4 Rhd8 15. Kf2 Be8 {[#]} 16. b4 $146 ({Predecessor:} 16. Rhd1 Rxd1 17. Rxd1 Rd8 18. Rxd8 Nxd8 19. Na5 {½-½ (19) Maletin,P (2584)-Malakhov,V (2714) Olginka 2011}) 16... Rd4 {The position is equal.} 17. b5 axb5 18. axb5 Rxa1 19. Rxa1 Nd8 $1 20. b6 Bc6 21. Ra8 Bxg2 22. Kxg2 Ng4 23. Rc8 Nxe3+ 24. Nxe3 $11 {KRN-KRN} Nc6 25. Kf2 Rd8 26. Rc7+ Rd7 27. Rc8 Rd8 28. Rc7+ Rd7 29. Rc8 {Accuracy: White = 76%, Black = 78%.} 1/2-1/2

[Event "RUS-chT Premier 2019"]
[Site "Sochi"]
[Date "2019.05.08"]
[Round "7.24"]
[White "Kryakvin, Dmitry"]
[Black "Sychev, Klementy"]
[Result "0-1"]
[WhiteElo "2588"]
[BlackElo "2574"]
[Annotator "TA"]
[PlyCount "102"]
[EventDate "2019.04.30"]
[EventType "team-tourn"]
[EventCountry "RUS"]
[SourceTitle "playchess.com"]
[Source "ChessBase"]
[SourceQuality "1"]

{[%evp 12,102,5,13,18,9,7,17,5,2,25,19,19,17,28,27,32,28,31,29,39,37,54,61,66,62,69,11,14,0,6,0,0,0,0,0,0,-23,20,-33,0,0,1,-67,-64,-63,-47,-60,-54,-58,-47,-76,-76,-109,-50,-94,-30,-165,-160,-201,-195,-156,-158,-177,-100,-188,-184,-281,-277,-406,-388,-683,-677,-672,-665,-1777,-1407,-1229,-543,-723,-710,-788,-554,-732,-582,-722,-715,-881,-881,-843,-815,-713,-673]} 1. c4 g6 2. Nc3 c5 3. g3 Bg7 4. Bg2 Nc6 5. Nf3 d6 6. O-O e6 7. e3 Nge7 {A37: Symmetrical English vs ...g6: 4 Bg2 Bg7 5 Nf3} 8. b3 (8. d4 O-O 9. Re1 Rb8 10. b3 cxd4 11. Nxd4 Nxd4 12. exd4 Nf5 13. Be3 Nxe3 14. Rxe3 a6 15. Rc1 Bh6 16. f4 Bg7 {1-0 (37) Carlsen,M (2835)-Svidler,P (2737) St Petersburg 2018}) 8... e5 9. Bb2 O-O {The position is equal.} 10. d3 h6 11. Ne1 Rb8 $146 ({Predecessor:} 11... Be6 12. Nd5 Qd7 13. Nc2 Bh3 14. Qd2 Bxg2 15. Kxg2 {0-1 (28) Maczkowiak,T (1843)-Boschek,H (1867) Cologne 2012}) 12. Nc2 f5 13. Nd5 Be6 14. Qd2 Qd7 15. Rae1 Rbe8 16. f4 Nc8 17. Bc3 a6 18. a4 Kh7 19. b4 (19. Rb1 $14) 19... Bxd5 $11 20. Bxd5 Nb6 21. Bxc6 Qxc6 22. a5 Nd7 23. Rb1 Rf7 24. b5 Qc8 (24... axb5 {with more complications.} 25. cxb5 Qd5 26. Rbd1 Qb3 27. Rb1 Qe6) 25. Rbe1 (25. Qg2 $11) 25... axb5 $15 26. cxb5 d5 27. fxe5 ({Better is} 27. Qg2 $11) 27... Nxe5 28. Bxe5 Rxe5 29. d4 Re4 30. Rf4 Re8 31. Rff1 Rfe7 32. Qd3 Re4 (32... c4 $17 33. Qd2 Qd7) 33. Rc1 h5 (33... c4 $17 34. Qa3 Bf8) 34. dxc5 (34. a6 $1 $11 {and White has nothing to worry.}) 34... Qxc5 $19 35. Nd4 Rxe3 36. Rxc5 Rxd3 37. Nc2 Re7 (37... Ra8 $19 38. Rc7 Rc3 39. Rxc3 Bxc3) 38. Kg2 (38. a6 $17 bxa6 39. bxa6) 38... d4 {White must now prevent ...Rd2+.} 39. Nb4 (39. Ne1 $142 Ra3 40. Nf3) 39... Rb3 40. Rc4 (40. Nd5 $142 Re5 41. Rf2) 40... d3 41. a6 $2 (41. Nxd3 Rxd3 42. Ra4) 41... bxa6 {Black is clearly winning.} 42. bxa6 Re2+ 43. Kf3 {White hopes to continue with Rd1.} Rxh2 {[#] ( -> ...d2+)} 44. Nd5 Ra2 (44... d2+ $142 45. Ne3 Be5) 45. Rb4 Rba3 46. Rd1 d2+ 47. Ne3 Rxa6 48. Nc4 Bc3 49. Rb3 Ra1 50. Ne3 Rxd1 51. Nxd1 Bf6 {Accuracy: White = 32%, Black = 62%.} 0-1

[Event "RUS-chT Premier 2019"]
[Site "Sochi"]
[Date "2019.05.08"]
[Round "7.25"]
[White "Karpov, Anatoly"]
[Black "Matlakov, Maxim"]
[Result "1/2-1/2"]
[WhiteElo "2616"]
[BlackElo "2697"]
[Annotator "TA"]
[PlyCount "54"]
[EventDate "2019.04.30"]
[EventType "team-tourn"]
[EventCountry "RUS"]
[SourceTitle "playchess.com"]
[Source "ChessBase"]
[SourceQuality "1"]

{[%evp 12,54,5,16,18,17,14,9,13,6,19,2,3,7,1,0,20,27,26,-3,0,0,0,0,0,0,0,0,0,0,0,0,0,0,0,0,0,0,0,0,0,0,0,0,0]} 1. d4 Nf6 2. c4 e6 3. Nc3 Bb4 4. Qc2 O-O 5. a3 Bxc3+ 6. Qxc3 d5 7. Bg5 dxc4 {E36: Nimzo-Indian: Classical: 4...d5 5 a3} 8. Qxc4 b6 9. Rd1 Ba6 10. Qa4 h6 11. Bh4 Qe7 12. Nf3 Rd8 13. e3 Bxf1 14. Rxf1 c5 {[#]} 15. Ke2 $146 ({Predecessor:} 15. dxc5 Rxd1+ 16. Qxd1 {½-½ (23) Vitiugov,N (2709)-Giri,A (2780) Shenzhen 2018}) 15... Nbd7 {The position is equal.} 16. Ne5 Nxe5 17. dxe5 g5 $1 18. exf6 Qxf6 19. Bg3 {[#] Qc2 is the strong threat.} Qxb2+ 20. Kf3 Qf6+ 21. Ke2 Qb2+ 22. Kf3 Qf6+ 23. Ke2 Qb2+ 24. Kf3 Qf6+ 25. Ke2 {Black must now prevent Rfe1.} Qb2+ 26. Kf3 Qf6+ 27. Ke2 {And now Rfe1 would win.} Qb2+ {Accuracy: White = 83%, Black = 97%.} 1/2-1/2

[Event "RUS-chT Premier 2019"]
[Site "Sochi"]
[Date "2019.05.08"]
[Round "7.26"]
[White "Rodshtein, Maxim"]
[Black "Riazantsev, Alexander"]
[Result "1/2-1/2"]
[WhiteElo "2699"]
[BlackElo "2653"]
[Annotator "TA"]
[PlyCount "39"]
[EventDate "2019.04.30"]
[EventType "team-tourn"]
[EventCountry "RUS"]
[SourceTitle "playchess.com"]
[Source "ChessBase"]
[SourceQuality "1"]

{[%evp 13,39,31,52,47,70,13,18,10,15,15,8,8,20,17,13,0,0,0,0,0,0,0,0,0,0,0,0,0]} 1. e4 $146 c6 2. d4 d5 3. e5 Bf5 4. Nf3 e6 5. Be2 c5 6. Be3 Qb6 7. Nc3 Nc6 8. O-O {Threatens to win with dxc5. B12: Caro-Kann: Advance Variation} Qxb2 9. Qe1 (9. Nb5 $14 Rc8 10. dxc5) 9... cxd4 $11 {The position is equal.} 10. Bxd4 Nxd4 ({Don't blunder} 10... Qxc2 $2 11. Rc1 $18) ({But not} 10... Bxc2 $2 11. Nb5 $18) 11. Nxd4 {[#] aiming for Rb1.} Bb4 12. Ndb5 {next Rb1 is good for White.} Ba5 13. Rb1 Qxc2 14. Rb3 Ne7 15. Nd6+ Kf8 {[#] Hoping for ...d4.} 16. Nxb7 Bb6 17. Nd6 Ba5 18. Nb7 Bb6 19. Nd6 Ba5 20. Nb7 {Accuracy: White = 68%, Black = 97%.} 1/2-1/2

[Event "RUS-chT Premier 2019"]
[Site "Sochi"]
[Date "2019.05.08"]
[Round "7.27"]
[White "Motylev, Alexander"]
[Black "Najer, Evgeniy"]
[Result "1/2-1/2"]
[WhiteElo "2650"]
[BlackElo "2674"]
[Annotator "TA"]
[PlyCount "55"]
[EventDate "2019.04.30"]
[EventType "team-tourn"]
[EventCountry "RUS"]
[SourceTitle "playchess.com"]
[Source "ChessBase"]
[SourceQuality "1"]

{[%evp 25,55,0,0,0,0,0,0,0,0,0,0,0,0,0,0,0,0,0,0,0,0,0,0,0,0,0,0,0,0,0,0,0]} 1. e4 c5 2. Nf3 d6 3. d4 cxd4 4. Nxd4 Nf6 5. Nc3 a6 6. Bg5 e6 7. f4 Nbd7 8. Qf3 Qc7 9. O-O-O b5 10. e5 Bb7 11. Qh3 dxe5 12. Nxe6 fxe6 13. Qxe6+ Be7 {The position is equal.} 14. Bxf6 {B96: Sicilian Najdorf: 6 Bg5 e6 7 f4, lines other than 7...Qb6 and 7...Be7} gxf6 {[#]} 15. Bxb5 $1 {[%mdl 512]} axb5 16. Nxb5 Qc6 17. Nd6+ Kd8 {And now ...Re8! would win.} 18. Nxb7+ Qxb7 {[#]} 19. Rxd7+ $1 {[%mdl 512]} Qxd7 20. Rd1 Qxd1+ 21. Kxd1 exf4 22. a4 Re8 23. a5 Kc7 $146 ({Predecessor:} 23... Rc8 24. c3 Kc7 25. Qb6+ Kd7 26. Qb5+ {½-½ (26) Boger,R (2654)-Seia,J (2363) ICCF email 2011}) 24. Qc4+ Kd7 25. Qa4+ Kc7 26. Qc4+ Kd7 27. Qa4+ Kc7 28. Qc4+ 1/2-1/2